00491nam a2200193Ia 4500008004100000020001800041050001400059100002000073245002900093245005800122260001500180260001600195260000900211300001400220300002700234300001000261440001800271500000800289170918s9999 xx 000 0 und d a9780590528351 bE756 1995 aEsiason, Boomer 2aA boy who named Boomer / cby Boomer Esiason ; illustrated by Jacqueline Rogers. aNew York : bScholastic, c1995 aunpaged : bcolored illustration ; c23cm. aHello reader! a430